Exploitation and stimulation recommendations in Sri Lanka (Record no. 59132)

MARC details
000 -LEADER
fixed length control field 00525nam a2200169Ia 4500
100 ## - MAIN ENTRY--AUTHOR NAME
Personal name Tillekeratne L M K
245 #0 - TITLE STATEMENT
Title Exploitation and stimulation recommendations in Sri Lanka
260 ## - PUBLICATION, DISTRIBUTION, ETC. (IMPRINT)
Name of publisher IRRDB symposium on physiological and molecular aspects of the breeding of Hevea brasiliensis 6-7 November 1995
Year of publication 1995
300 ## - PHYSICAL DESCRIPTION
Number of Pages 175-176
650 ## - SUBJECT ADDED ENTRY--TOPICAL TERM
Topical Term Exploitation
650 ## - SUBJECT ADDED ENTRY--TOPICAL TERM
Topical Term Hevea
650 ## - SUBJECT ADDED ENTRY--TOPICAL TERM
Topical Term Sri Lanka
650 ## - SUBJECT ADDED ENTRY--TOPICAL TERM
Topical Term Stimulation
700 ## - ADDED ENTRY--PERSONAL NAME
Personal name Nugawela A
942 ## - ADDED ENTRY ELEMENTS (KOHA)
Koha item type Journals
Holdings
Withdrawn status Lost status Damaged status Not for loan Home library Current library Shelving location Date acquired Koha item type
      Journals RRII Library RRII Library Physiology 17/12/2021 Journals